Sports Quiz

Random Sports or Baseball Quiz

MLB Lou Gehrig Award Winners Quiz Stats

Quiz Updated Oct 2, 2017

Challenge
Share
Tweet
Embed
Score 0/63 Timer 07:00
0 Plays Today
Year Player % Correct
2009Albert Pujols
81.7%
2017José Altuve
70.5%
2010Derek Jeter
62.6%
1966Brooks Robinson
58.7%
1992Cal Ripken Jr.
56.9%
1998Tony Gwynn
54.1%
1986George Brett
50.5%
1970Hank Aaron
50.4%
1983Mike Schmidt
48.3%
1981Tommy John
46.3%
1967Ernie Banks
43%
1969Pete Rose
42.8%
1989Ozzie Smith
42.2%
1994Barry Larkin
39.3%
1975Johnny Bench
39.3%
1957Stan Musial
38.9%
1985Dale Murphy
38.4%
1995Curt Schilling
38.3%
1974Willie Stargell
37.6%
1993Don Mattingly
35.4%
1971Harmon Killebrew
34.9%
2011Ryan Zimmerman
33.6%
2014Adrián Beltré
32.9%
1984Steve Garvey
31.8%
1968Al Kaline
29.4%
2013Josh Hamilton
29.1%
1999Mark McGwire
28.6%
1991Kent Hrbek
26.3%
1973Ron Santo
25.6%
2008Shane Victorino
25%
1990Glenn Davis
23.9%
2005John Smoltz
23.7%
Year Player % Correct
1956Pee Wee Reese
23.3%
2016Matt Harvey
21.3%
2015Curtis Granderson
20.7%
1982Ron Cey
18.8%
1977Lou Brock
18.4%
1997Paul Molitor
15.1%
1961Warren Spahn
14.8%
2003Jamie Moyer
14.7%
2004Jim Thome
14.4%
1980Tony Perez
13.5%
1988Buddy Bell
13%
1979Phil Niekro
11.8%
1976Don Sutton
11.6%
1959Gil Hodges
11.3%
2012Barry Zito
11.1%
1987Rick Sutcliffe
10.6%
2006Trevor Hoffman
10%
1972Wes Parker
9.6%
1960Dick Groat
9.3%
1964Ken Boyer
9.1%
1963Bobby Richardson
7.3%
2001John Franco
6.5%
1962Robin Roberts
5.5%
1965Vern Law
5.1%
1955Alvin Dark
4.5%
1996Brett Butler
4.5%
2007Mike Timlin
3.2%
2002Danny Graves
2.8%
1958Gil McDougald
2.7%
1978Don Kessinger
2.6%
2000Todd Stottlemyre
2.5%

You're not logged in!

Compare scores with friends on all Sporcle quizzes.
Join for Free
OR
Log In

You Might Also Like...

Show Comments

Extras

Top Quizzes Today


Score Distribution

Your Account Isn't Verified!

In order to create a playlist on Sporcle, you need to verify the email address you used during registration. Go to your Sporcle Settings to finish the process.

Report this User

Report this user for behavior that violates our Community Guidelines.

Details: